[Event "CCLA Championship, S71089"]
[Site "CCLA"]
[Date "2017.04.29"]
[Round "?"]
[White "Weiner, Jerry"]
[Black "Deskin, Gary"]
[Result "1/2-1/2"]
[WhiteElo "2248"]
[BlackElo "2243"]

1. e4 c6 2. d4 d5 3. e5 Bf5 4. Be2 e6 5. Nf3 Ne7 6. O-O h6 7. Nbd2 Nd7 8. 
Nb3 g5 9. Ne1 Qc7 10. f4 O-O-O 11. a4 c5 12. dxc5 Ng6 13. Nd4 Bxc5 14. Kh1
Bxd4 15. Qxd4 Nxf4 16. Bxf4 gxf4 17. Qxa7 Be4 18. Qf2 Nxe5 19. a5 Nc4 20. 
a6 b6 21. Qxf4 Qxf4 22. Rxf4 f5 23. Nf3 Ne3 24. Ne5 Rhg8 25. Bf3 Kc7 26. 
Ra3 Nc4 27. Nxc4 dxc4 28. Ra1 Bxf3 29. gxf3 b5 30. a7 Kb7 31. Rh4 Ka8 32. 
Rxh6 Rd2 33. c3 Rxb2 34. Rxe6 Rh8 35. h4 Rxh4+ 36. Kg1 Rh8 37. f4 Rg8+ 
1/2-1/2

[Event "CCLA Championship, S71089"]
[Site "CCLA"]
[Date "2017.04.29"]
[Round "?"]
[White "Weiner, Jerry"]
[Black "Quirk, Michael"]
[Result "1/2-1/2"]
[WhiteElo "2248"]
[BlackElo "2054"]

1. e4 c5 2. Nf3 d6 3. d4 cxd4 4. Nxd4 Nf6 5. Nc3 a6 6. Be3 e5 7. Nb3 Be6 
8. Be2 Nbd7 9. O-O Rc8 10. f4 Be7 11. f5 Bc4 12. Bxc4 Rxc4 13. Qe2 Rc8 14.
 Rfd1 O-O 15. Rd3 b5 16. a3 Nb6 17. Nd2 a5 18. Qd1 b4 19. axb4 axb4 20. 
Nb5 d5 21. Na7 Rc5 22. Bxc5 Bxc5+ 23. Kh1 Qe7 24. exd5 Nbxd5 25. Nc4 Bxa7 
26. Rxd5 Nxd5 27. Qxd5 Bd4 28. g3 g6 29. Rf1 Qd8 30. Qxd8 Rxd8 31. g4 Rc8 
32. b3 Ra8 33. fxg6 fxg6 34. Re1 Bc3 35. Re2 h6 36. Kg2 Kg7 37. h4 Kf6 38.
 g5+ hxg5 39. Rf2+ Ke6 40. hxg5 e4 41. Rf4 Ra1 42. Rxe4+ Kf5 43. Kf3 Rf1+ 
44. Kg2 Rf4 45. Nd6+ Kxg5 46. Kg3 Rxe4 47. Nxe4+ Kf5 48. Nxc3 bxc3 1/2-1/2

[Event "CCLA Championship, S71089"]
[Site "CCLA"]
[Date "2017.04.29"]
[Round "?"]
[White "Weiner, Jerry"]
[Black "Marconi, Ralph P."]
[Result "1-0"]
[WhiteElo "2248"]
[BlackElo "2032"]

1. e4 e6 2. d4 d5 3. Nc3 Nf6 4. Bg5 Bb4 5. e5 h6 6. exf6 hxg5 7. fxg7 Rg8 
8. h4 gxh4 9. Qg4 Qf6 10. Qxh4 Qxh4 11. Rxh4 Rxg7 12. Rh8+ Bf8 13. Nb5 f6 
14. Be2 Na6 15. g3 Kf7 16. Bh5+ Ke7 17. Nc3 Bd7 18. Nge2 Kd6 19. Nf4 Rb8 
20. O-O-O Be7 21. Rh6 c6 22. Ng6 Bd8 23. a3 Nc7 24. g4 f5 25. f4 fxg4 26. 
Ne5 g3 27. Ne2 g2 28. Bg4 Be7 29. c4 Na6 30. Nxd7 Kxd7 31. Bxe6+ Ke8 32. 
Rh8+ Bf8 33. cxd5 Nc7 34. Rh2 Ke7 35. Rg1 Nxe6 36. dxe6 Kxe6 37. Rgxg2 Rd8
38. Rf2 Be7 39. Kc2 Rd5 40. Rh6+ Kf7 41. Kd3 Bf6 42. Ke4 Rd8 43. Rfh2 c5 
44. d5 Bxb2 45. Ng3 Rxg3 46. Rxb2 b6 47. d6 c4 48. Rbh2 c3 49. Rh7+ Kf6 
50. R2h6+ Rg6 51. Kd5 Rxh6 52. Rxh6+ Kf5 53. Rh3 c2 54. Rc3 Kxf4 55. Rxc2 
1-0

[Event "CCLA Championship, S71089"]
[Site "CCLA"]
[Date "2017.04.29"]
[Round "?"]
[White "Ziemak, Ken"]
[Black "Weiner, Jerry"]
[Result "1-0"]
[WhiteElo "2303"]
[BlackElo "2248"]

1. b4 e5 2. Bb2 Bxb4 3. Bxe5 Nf6 4. c4 O-O 5. Nf3 d5 6. e3 Nc6 7. Bb2 Ne4 
8. Be2 dxc4 9. Bxc4 Ng5 10. Nxg5 Qxg5 11. O-O Qg6 12. Be2 Rd8 13. Bh5 Qh6 
14. d4 Bd6 15. g3 Bh3 16. Re1 Ne5 17. Bc3 Nc4 18. a4 c6 19. Bf3 Nb6 20. a5
Nd5 21. Bd2 Qe6 22. Nc3 Nxc3 23. Bxc3 Rac8 24. Rb1 Rc7 25. e4 Qc8 26. Qd3 
Be7 27. Rb2 Be6 28. Bg2 Ba3 29. Rc2 Bb3 30. Rce2 Be7 31. Rb2 Be6 32. f4 f5
33. exf5 Bxf5 34. Qc4+ Kh8 35. Rbe2 Bf8 36. h4 Qd7 37. Kh2 Bg6 38. Re5 Bf7
39. Qe2 Qd6 40. Qc2 Kg8 41. Be4 Qh6 42. Kg2 Bd6 43. Rg5 Bf8 44. Re5 Bd5 
45. a6 b6 46. Bb4 Bf7 47. Bxf8 Kxf8 48. Bf5 Qd6 49. Be6 Bxe6 50. Rxe6 Qd5+
51. R1e4 c5 52. Re5 Qc6 53. Qc4 Qd7 54. d5 Qc8 55. Rh5 h6 56. Re6 Re8 57. 
Rhe5 Rxe6 58. dxe6 Re7 59. f5 Qc6+ 60. Rd5 Re8 61. Kh2 b5 62. Qd3 Qxa6 63.
 Rd8 1-0